banner koha

A industrializacao do leite: o Estado e o setor de bens de capital (Registro n. 47078)

MARC details
000 -LÍDER
campo de controle de tamanho fixo 00992nam a22003377a 4500
001 - NÚMERO DE CONTROLE
campo de controle BR9300183
003 - IDENTIFICADOR DO NÚMERO DE CONTROLE
campo de controle BR-BrBNA
005 - DATA E HORÁRIO DA ÚLTIMA TRANSAÇÃO
campo de controle 20230928093801.0
007 - CAMPO FIXO DE DESCRIÇÃO FÍSICA--INFORMAÇÃO GERAL
campo de controle de tamanho fixo ta
008 - CAMPO DE DADOS FIXOS--INFORMAÇÃO GERAL
campo de controle de tamanho fixo 230509b bl.||||| |||| 00| 0 por d
040 ## - FONTE DA CATALOGAÇÃO
Instituição da catalogação original BR-BrBNA
Idioma da catalogação por
Instituição que transcreveu o registro Biblioteca Nacional de Agricultura
041 ## - CÓDIGO DE IDIOMA
Código do idioma do texto/trilha sonora ou título diferente (Por)
072 ## - CÓDIGO DE CATEGORIA DE ASSUNTO
Código de Categoria de Assunto L01; Q02
Código do objeto 9415
-- 9414
090 ## - NÚMERO DE CHAMADA LOCAL
-- 9415 BR9300183
100 1# - ENTRADA PRINCIPAL--NOME PESSOAL
Nome pessoal Ortega, A.C.
100 1# - ENTRADA PRINCIPAL--NOME PESSOAL
Nome pessoal Vasconcellos, L.A.
100 1# - ENTRADA PRINCIPAL--NOME PESSOAL
Nome pessoal Gutierrez, R.H.
100 1# - ENTRADA PRINCIPAL--NOME PESSOAL
Nome pessoal Carvalho, S.M.T
110 1# - ENTRADA PRINCIPAL--NOME CORPORATIVO
Nome corporativo ou nome da jurisdição Universidade Estadual de Campinas, SP (Brasil)
245 1# - TÍTULO
Título A industrializacao do leite: o Estado e o setor de bens de capital
Restante do título Relatorio final. Versao preliminar. Uso interno
260 3# - PUBLICAÇÃO, DISTRIBUIÇÃO, ETC.
Local de publicação, distribuição, etc. Campinas, SP (Brasil):
Data da publicação, distribuição, etc. 1987.
300 ## - DESCRIÇÃO FÍSICA
Extensão 121 p.
650 ## - ASSUNTO--TERMO TÓPICO
Cabeçalho tópico ou nome geográfico Leite
650 ## - ASSUNTO--TERMO TÓPICO
Cabeçalho tópico ou nome geográfico Producao Leiteira
650 ## - ASSUNTO--TERMO TÓPICO
Cabeçalho tópico ou nome geográfico Leite em Po
650 ## - ASSUNTO--TERMO TÓPICO
Cabeçalho tópico ou nome geográfico Produto Derivado do Leite
650 ## - ASSUNTO--TERMO TÓPICO
Cabeçalho tópico ou nome geográfico Preco
650 ## - ASSUNTO--TERMO TÓPICO
Cabeçalho tópico ou nome geográfico Tecnologia de Alimento
909 ## -
-- 202309
-- Lucia
-- 55
-- Lucia Elande
942 ## - ELEMENTOS DE ENTRADA ADICIONADOS (KOHA)
Tipo de material Koha Livros
Exemplares
Situação do descarte Fonte da classificação ou esquema de arquivamento na estante Situação física Não pode ser emprestado Coleção Biblioteca de origem Biblioteca atual Total de empréstimos Número de telefone completo Código de barras Data de último acesso Número do exemplar Tipo de material Koha Situação das perdas Data de aquisição Fonte de aquisição
  Classificação AGRIS       Biblioteca Nacional de Agricultura - Binagri Biblioteca Nacional de Agricultura - Binagri   9415 BR9300183 9415 BR9300183 25/09/2023 01 Livros   2023-09-25 Portaria Interministerial nº 164/94

BINAGRI

Telefone: (61)3218-2567/2388/3357/2097 - binagri@agro.gov.br

Ministério da Agricultura e Pecuária , Esplanada dos Ministérios, Bloco D, Anexo B, Brasília/DF, CEP: 70.043-900